Trabalhos em Papel (Registo nº 4408)
[ vista simples ]
| 000 -Etiqueta do registo | |
|---|---|
| Cabeçalho | 00395nam a2200169 4500 |
| 005 - Identificador da versão | |
| Campo de controlo | 20240813122100.0 |
| 100 ## - Dados gerais de processamento | |
| Dados gerais de processamento | 20110504d1979 d y0pory5003 ba |
| 102 ## - Pais de publicação ou produção | |
| País de publicação | Portugal |
| 101 1# - Língua de publicação | |
| Língua do texto, banda sonora, etc. | Português |
| Língua do documento no original | Inglês |
| 200 1# - Titulo e menção de responsabilidade | |
| Título próprio | Trabalhos em Papel |
| Primeira menção de responsabilidade | June Jackson |
| 225 1# - Colecção | |
| Título próprio da colecção | arte em sua casa |
| 210 ## - Publicação, Distribuição, etc. | |
| Lugar da edição, distribuição, etc. | Queluz |
| Nome do editor, distribuidor, etc. | Celditor |
| Data da publicação, distribuição, etc. | 1979 |
| 700 #1 - Nome de autor-pessoa física (responsabilidade principal) | |
| Número de registo de entrada de autoridade | 0001241 |
| Palavra de ordem | Jackson |
| Outra parte do nome não tomada para palavra de ordem | June |
| 942 ## - Elementos de entrada adicionados (Koha) | |
| Tipo de item no Koha | Livro |
| Situação do levantamento | Origin of item (home branch) (coded) | Biblioteca de empréstimo | Código de barras | Cota | Circulation type (not for loan) | Tipo de documento | Nota do exemplar | Damaged status |
|---|---|---|---|---|---|---|---|---|
| Biblioteca Escolar das Vendas | Biblioteca Escolar das Vendas | BEV780 | 7TMA ART | Livro | Sem mensagem |
